000 00217 a2200097 4500
001 58084
100 _a
245 _aRobert Ludlum's;The Ambler Warning
260 _alondon
_bOrion Books
_c2006
090 _c35596
_d35596
942 _aNUST-CAE
_c
_c28442
999 _c293157
_d293157